000 00735nam a2200253 i 4500
001 C2-0018089
003 PPAK
005 20190630221946.0
008 970202s1984 my a|||| ||||| | may d
040 _aPPAK
_beng
_cPPAK
_erda
082 0 4 _a959.5118
_223
090 0 0 _a959.5118
_bSEJ
_dKIH
090 0 0 _a959.5118
_bSEJ
_dKMI
090 0 0 _a959.5118
_bSEJ
_dKSI
245 0 0 _aSejarah di Selat Melaka
264 1 _aMelaka :
_bPersatuan Sejarah Malaysia Cawangan Melaka ,
_c1984
300 _aix, 183 pages :
_billustrations ;
_c23 cm
336 _2rdacontent
_atext
337 _2rdamedia
_aunmediated
338 _2rdacarrier
_avolume
650 1 0 _aMalacca - History.
700 0 _aAbdul Latiff Abu Bakar,
_ecompile
942 _ddc
_cB
999 _c4134
_d4134